Bottled Water Drinking Nations Quiz Stats

 Plays Quiz not verified by Sporcle

Also try: Oceania per Letter
Challenge
Share
Tweet
Embed
Score 0/10 Timer 03:00
0 Plays Today
Rank Country % Correct
3.France
89.7%
2.Spain
87.2%
1.Italy
86.8%
6.Germany
84.2%
9.Portugal
78%
7.Switzerland
72.5%
8.Austria
72.2%
5.Belgium
64.1%
4.Mexico
51.3%
10.Argentina
35.5%

You're not logged in!

Compare scores with friends on all Sporcle quizzes.
Join for Free
OR
Log In

You Might Also Like...

Show Comments

Extras

Top Quizzes Today


Score Distribution

Your Account Isn't Verified!

In order to create a playlist on Sporcle, you need to verify the email address you used during registration. Go to your Sporcle Settings to finish the process.

Report this User

Report this user for behavior that violates our Community Guidelines.

Details: